The Middle East business and economic review
محفوظ في:
التنسيق: كتاب
اللغة: Undetermined
منشور في:
Sydney ,Australia
1989
الوسوم: إضافة وسم
لا توجد وسوم, كن أول من يضع وسما على هذه التسجيلة!
رقم الطلب: (J)HB126.3.M52
| LEADER | 00406nam a2200121Ia 4500 | ||
|---|---|---|---|
| 008 | 230909s9999||||xx |||||||||||||| ||und|| | ||
| 050 | 4 | |a (J)HB126.3.M52 | |
| 245 | 1 | 4 | |a The Middle East business and economic review |
| 264 | 1 | |a Sydney ,Australia |c 1989 | |
| 300 | |c 30cm | ||
| 942 | |2 lcc |c BK | ||
| 952 | |0 0 |1 0 |2 lcc |4 0 |7 1 |9 49997 |a ARCE |b ARCE |d 2023-09-09 |l 0 |o (J)HB126.3.M52 |r 2023-09-09 00:00:00 |w 2023-09-09 |y BK | ||
| 999 | |c 54620 |d 54620 | ||
